000 00845nam1a22002531 4500
001 rc\2821918
005 20110622144202.9
035 _a(NLR Aleph) 006980315
090 _a5524812
_c5524812
100 _a20110622d1928 |||y0rusy50 ca
101 0 _arus
102 _aRU
105 _ay z |||||
200 1 _aВеликие борцы за оздоровление человечества
_eВып. 1-
_fд-р Г.Я. Брук
210 _aМосква
_cГос. мед. изд-во
_d1928
_gтип. Всерос. кооп. издат. союза Книгосоюз
215 _d20х14 см
300 _aОбл.: О.Д.
700 1 _aБрук
_bГ. Я.
_f1889-
_gГригорий Яковлевич
702 0 _aО. Д.
_4570
801 0 _aRU
_bNLR
_gpsbo
801 1 _aRU
_bELAR
_2rusmarc
852 _aNLR
_j40/3358
942 _cBOOK
980 _aNB